[Event "St Petersburg Korchnoi Memorial op"]
[Site "St Petersburg"]
[Date "2019.08.21"]
[Round "8"]
[White "Tatarnikov, Ivan"]
[Black "Tolstykh, Ivan"]
[Result "1-0"]
[WhiteElo "1795"]
[BlackElo "1437"]
[PlyCount "167"]
[EventDate "2019.08.14"]
[EventType "swiss"]
[EventRounds "9"]
[EventCountry "RUS"]
[SourceTitle "CBM 192"]
[Source "ChessBase"]
[SourceDate "2019.10.31"]
[SourceVersion "1"]
[SourceVersionDate "2019.10.31"]
[SourceQuality "1"]

1. e4 c6 2. d4 d5 3. Nc3 dxe4 4. Nxe4 Bf5 5. Ng3 Bg6 6. Nh3 Nd7 7. Nf4 Ngf6 8. Nxg6 hxg6 9. Bd3 e6 10. 0-0 Qc7 11. c4 0-0-0 12. Be3 Kb8 13. Qf3 e5 14. Rad1 Re8 15. Bc2 exd4 16. Bxd4 Bd6 17. Rfe1 c5 18. Rxe8+ Rxe8 19. Bxf6 Nxf6 20. h3 Be5 21. b3 Rd8 22. Ne4 Nxe4 23. Qxe4 Rxd1+ 24. Bxd1 Bf6 25. Bf3 Qe7 26. Qd5 Qe1+ 27. Kh2 Be5+ 28. g3 Qxf2+ 29. Kh1 Qe1+ 30. Kg2 Qxg3+ 31. Kf1 Qxh3+ 32. Ke2 Qh2+ 33. Kd3 Kc8 34. Qxb7+ Kd8 35. Qxf7 Bd6 36. Qg8+ Kc7 37. Qxg7+ Kb8 38. Qg8+ Kc7 39. Qa8 Qe5 40. Qxa7+ Kd8 41. Qa8+ Kc7 42. Qc6+ Kd8 43. Qd5 Qf4 44. Qe4 Qxe4+ 45. Kxe4 Kc7 46. Kd5 g5 47. Bg4 Be7 48. a3 Kb6 49. Ke6 Bd8 50. b4 Kc6 51. Bf3+ Kb6 52. Kd6 Bc7+ 53. Kd5 Bf4 54. bxc5+ Kc7 55. a4 Bd2 56. c6 Bb4 57. c5 Be1 58. Kc4 Bg3 59. Kb5 Kb8 60. Bg4 Bc7 61. Bh3 Bd8 62. Kc4 Ba5 63. Kd5 Kc7 64. Bg4 Kb8 65. Kd6 Bc7+ 66. Kd7 Ba5 67. Ke6 Kc7 68. Kd5 Kb8 69. Kc4 Bc7 70. Kb5 Bd8 71. Be2 Bc7 72. a5 Be5 73. a6 Bc7 74. Kc4 Ka7 75. Kd5 g4 76. Ke6 g3 77. Bf1 g2 78. Bxg2 Kb8 79. Kd7 Ba5 80. a7+ Kxa7 81. c7 Bxc7 82. Kxc7 Ka6 83. c6 Ka7 84. Kd7 1-0

[Event "St Petersburg Korchnoi Memorial op"]
[Site "St Petersburg"]
[Date "2019.08.18"]
[Round "5"]
[White "Lepaev, Andrey"]
[Black "Tatarnikov, Ivan"]
[Result "1-0"]
[WhiteElo "1997"]
[BlackElo "1795"]
[PlyCount "37"]
[EventDate "2019.08.14"]
[EventType "swiss"]
[EventRounds "9"]
[EventCountry "RUS"]
[SourceTitle "CBM 192"]
[Source "ChessBase"]
[SourceDate "2019.10.31"]
[SourceVersion "1"]
[SourceVersionDate "2019.10.31"]
[SourceQuality "1"]

1. d4 e6 2. c4 Nf6 3. g3 d5 4. Nf3 Nbd7 5. Bg2 Be7 6. 0-0 0-0 7. Qc2 c6 8. Nbd2 Re8 9. e4 dxc4 10. Nxc4 Nb6 11. Nce5 Qc7 12. Ng5 Rf8 13. Ngxf7 Nbd7 14. Bf4 Nxe5 15. Nxe5 Bd6 16. Qe2 Bd7 17. Nxd7 Nxd7 18. e5 Be7 19. Qg4 1-0

[Event "St Petersburg Korchnoi Memorial op"]
[Site "St Petersburg"]
[Date "2018.08.21"]
[Round "7"]
[White "Scheglov, Dmitry"]
[Black "Tatarnikov, Ivan"]
[Result "1-0"]
[WhiteElo "2082"]
[BlackElo "1763"]
[PlyCount "53"]
[EventDate "2018.08.15"]
[EventType "swiss"]
[EventRounds "9"]
[EventCountry "RUS"]
[SourceTitle "CBM 186 Extra"]
[Source "ChessBase"]
[SourceDate "2018.08.24"]
[SourceVersion "1"]
[SourceVersionDate "2018.08.24"]
[SourceQuality "1"]

1. e4 c5 2. Nc3 Nc6 3. g3 g6 4. Bg2 Bg7 5. d3 d6 6. Be3 f5 7. h4 e6 8. h5 Qb6 9. Rb1 Bd7 10. hxg6 hxg6 11. Rxh8 Bxh8 12. exf5 exf5 13. Nd5 Qd8 14. Nh3 Bf6 15. Kf1 Be6 16. Qe2 Bxd5 17. Bxd5 Kd7 18. Nf4 Nge7 19. Be6+ Kc7 20. Bxf5 Kb6 21. b4 Nxb4 22. Rxb4+ Kc6 23. Be4+ d5 24. Ne6 Qg8 25. Nxc5 dxe4 26. dxe4 b6 27. Qb5+ 1-0

[Event "St Petersburg Korchnoi Memorial op"]
[Site "St Petersburg"]
[Date "2018.08.17"]
[Round "3"]
[White "Tatarnikov, Ivan"]
[Black "Smolkov, Petr"]
[Result "1-0"]
[WhiteElo "1763"]
[BlackElo "1342"]
[PlyCount "55"]
[EventDate "2018.08.15"]
[EventType "swiss"]
[EventRounds "9"]
[EventCountry "RUS"]
[SourceTitle "CBM 186 Extra"]
[Source "ChessBase"]
[SourceDate "2018.08.24"]
[SourceVersion "1"]
[SourceVersionDate "2018.08.24"]
[SourceQuality "1"]

1. e4 c5 2. Nf3 e6 3. d4 cxd4 4. Nxd4 a6 5. Nc3 Qc7 6. a3 Nf6 7. Be2 d6 8. Be3 b5 9. 0-0 Bb7 10. f3 Be7 11. Qe1 Nc6 12. Qg3 0-0 13. Rad1 Rfd8 14. Qf2 d5 15. Nb3 Bd6 16. g3 Qe7 17. exd5 exd5 18. Rfe1 Bc7 19. Bg5 Ne5 20. f4 Nc4 21. Bxc4 Qf8 22. Bxf6 gxf6 23. Bxd5 Bxd5 24. Nxd5 Bb8 25. Nxf6+ Kg7 26. Nh5+ Kh8 27. Rxd8 Qxd8 28. Qd4+ 1-0

[Event "St Petersburg Summer op"]
[Site "St Petersburg"]
[Date "2017.08.22"]
[Round "7"]
[White "Tatarnikov, Ivan"]
[Black "Seregina, Maria"]
[Result "0-1"]
[WhiteElo "1703"]
[BlackElo "1875"]
[PlyCount "70"]
[EventDate "2017.08.16"]
[EventType "swiss"]
[EventRounds "9"]
[EventCountry "RUS"]
[SourceTitle "CBM 180 Extra"]
[Source "ChessBase"]
[SourceDate "2017.10.06"]
[SourceVersion "1"]
[SourceVersionDate "2017.10.06"]
[SourceQuality "1"]

1. e4 e6 2. d4 d5 3. Nc3 dxe4 4. Nxe4 Bd7 5. Bf4 Bc6 6. Ng3 Nd7 7. Nf3 Bxf3 8. Qxf3 c6 9. 0-0-0 Ngf6 10. Bd3 Nd5 11. Ne4 Nxf4 12. Qxf4 Nb6 13. c3 Nd5 14. Qg3 b5 15. Bc2 a5 16. Rhe1 g6 17. Kb1 Bh6 18. Nd6+ Kf8 19. Nb7 Qe7 20. Nc5 Bf4 21. Qf3 Kg7 22. Be4 Bd6 23. Bxd5 cxd5 24. b4 axb4 25. cxb4 Ra7 26. a3 Rha8 27. Kb2 Kg8 28. Qe3 Qf6 29. Rd3 Bxc5 30. bxc5 Ra4 31. Rc1 Qd8 32. Rb3 Qa5 33. Rcc3 b4 34. Rxb4 Rxb4+ 35. axb4 Qa1+ 0-1

[Event "St Petersburg Summer op"]
[Site "St Petersburg"]
[Date "2017.08.17"]
[Round "2"]
[White "Bashirinia, Omid"]
[Black "Tatarnikov, Ivan"]
[Result "1-0"]
[WhiteElo "1959"]
[BlackElo "1703"]
[PlyCount "53"]
[EventDate "2017.08.16"]
[EventType "swiss"]
[EventRounds "9"]
[EventCountry "RUS"]
[SourceTitle "CBM 180 Extra"]
[Source "ChessBase"]
[SourceDate "2017.10.06"]
[SourceVersion "1"]
[SourceVersionDate "2017.10.06"]
[SourceQuality "1"]

1. d4 e6 2. Nf3 Nf6 3. e3 b6 4. Bd3 Bb7 5. b3 g6 6. Bb2 Bg7 7. Nbd2 d5 8. Qe2 0-0 9. 0-0 Qe7 10. Ne5 Nbd7 11. f4 Ne4 12. Nxe4 dxe4 13. Ba6 Bxa6 14. Qxa6 f5 15. Ba3 c5 16. Nxd7 Qxd7 17. Rad1 Rfd8 18. dxc5 Qxd1 19. Rxd1 Rxd1+ 20. Kf2 Bc3 21. Qc4 Be1+ 22. Ke2 Rad8 23. Qxe6+ Kg7 24. Bb2+ Kh6 25. Bd4 Bb4 26. Kxd1 bxc5 27. Qe7 1-0

[Event "St Petersburg Summer op"]
[Site "St Petersburg"]
[Date "2017.08.16"]
[Round "1"]
[White "Tatarnikov, Ivan"]
[Black "Averyanov, Grigori"]
[Result "0-1"]
[WhiteElo "1703"]
[BlackElo "2158"]
[PlyCount "74"]
[EventDate "2017.08.16"]
[EventType "swiss"]
[EventRounds "9"]
[EventCountry "RUS"]
[SourceTitle "CBM 180 Extra"]
[Source "ChessBase"]
[SourceDate "2017.10.06"]
[SourceVersion "1"]
[SourceVersionDate "2017.10.06"]
[SourceQuality "1"]

1. e4 c5 2. Nf3 d6 3. d4 cxd4 4. Nxd4 Nf6 5. Nc3 Nc6 6. Bb5 Bd7 7. Bxc6 bxc6 8. 0-0 e5 9. Nf3 Be7 10. h3 0-0 11. Qe2 h6 12. Rd1 Qc7 13. b3 Be6 14. Ba3 Nh5 15. Qe3 Nf4 16. Ne2 Nxe2+ 17. Qxe2 f5 18. exf5 Bxf5 19. c4 Rae8 20. Rd2 c5 21. Bb2 e4 22. Nh2 e3 23. fxe3 Bg5 24. Nf1 Bg6 25. Rdd1 Rf7 26. Bc3 Qe7 27. Qd2 Rxf1+ 28. Kxf1 Rf8+ 29. Ke2 Re8 30. Rf1 Bxe3 31. Qd5+ Kh7 32. Kd1 Bd4 33. Re1 Bxc3 34. Rxe7 Rxe7 35. Qd2 Bxd2 36. Kxd2 Re5 37. Rg1 Be4 0-1